Démon souhlasu /
Uložené v:
| Hlavný autor: | |
|---|---|
| Ďalší autori: | |
| Médium: | Kniha |
| Jazyk: | Czech Slovak |
| Vydané: |
Praha :
Československý spisovatel,
1964.
|
| Vydanie: | 2. vyd. , čes. 1. |
| Edícia: | Život kolem nás. Malá řada
sv. 11 |
| ISBN: |
(viaz.) |
| Fyzický popis: |
100 s. |
| Tagy: |
Pridať tag
Žiadne tagy, Buďte prvý kto otaguje tento záznam!
|
Titul je dostupný aj v ... 

MARC
| LEADER | 00000nam a2200000 a 4500 | ||
|---|---|---|---|
| 001 | 000442829 | ||
| 005 | 20131106125543.0 | ||
| 008 | 980204 1964 xr e cze d | ||
| 020 | |a (viaz.) |c Kčs 7,00 | ||
| 040 | |a SVKKK |b slo |c SVKKK |e AACR2 | ||
| 041 | 1 | |a cze |h slo | |
| 044 | |a xr |c CZ | ||
| 100 | 1 | |a Tatarka, Dominik, |d 1913-1989 |4 aut | |
| 245 | 1 | 0 | |a Démon souhlasu / |c Dominik Tatarka, preložil Jan Trefulka. |
| 250 | |a 2. vyd. , čes. 1. | ||
| 260 | |a Praha : |b Československý spisovatel, |c 1964. | ||
| 300 | |a 100 s. | ||
| 490 | 1 | |a Život kolem nás. Malá řada |v sv. 11 | |
| 700 | 1 | |a Trefulka, Jan, |d 1929-2012 |4 trl | |
| 830 | 0 | |a Život kolem nás. Malá řada |v sv. 11 |n Malá řada | |
| 910 | |a svkkk | ||
| 998 | |a BK | ||
| 090 | |g SCKHL |k Sklad Hlavná 10 suterén |a I.27966 |j 356604 |i 2720421864 |s Absenčne | ||